[Event "22nd ECCC Women 2017"]
[Site "Antalya"]
[Date "2017.10.11"]
[Round "4"]
[White "Arda, Cagil Irmak"]
[Black "Hojjatova, Aydan"]
[Result "1-0"]
[WhiteElo "2040"]
[BlackElo "2341"]
[Annotator "NA"]
[PlyCount "87"]
[EventType "team-tourn"]
[EventCountry "TUR"]
[SourceTitle "playchess.com"]
[Source "ChessBase"]
[SourceQuality "1"]
[WhiteTeam "Anatolia"]
[BlackTeam "Odlar Yurdu"]
[TimeControl "40/5400+30:1800+30"]

1. e4 {[%emt 0:00:30]} e6 {[%emt 0:01:00]} 2. d4 {[%emt 0:00:30]} d5 {[%emt 0:00:00]} 3. Nd2 {[%emt 0:00:30]} c5 {[%emt 0:00:00]} 4. exd5 {[%emt 0:00:30]} Qxd5 {[%emt 0:00:30]} 5. Ngf3 {[%emt 0:00:00]} cxd4 {[%emt 0:00:30]} 6. Bc4 {[%emt 0:00:00]} Qd7 {[%emt 0:00:00] C07: French Tarrasch: 3...c5, 4 Ngf3 and 4 exd5 Qxd5} 7. O-O {[%emt 0:00:00]} Nc6 {[%emt 0:00:00]} 8. Nb3 {[%emt 0:00:00]} a6 {[%emt 0:00:00]} 9. Nbxd4 {[%emt 0:00:00]} Nxd4 {[%emt 0:00:00]} 10. Nxd4 {[%emt 0:00:00]} Qc7 {[%emt 0:00:30]} 11. Bb3 {[%emt 0:00:00]} Bd6 {[%emt 0:00:30]} 12. Qh5 {[%emt 0:00:00]} Nf6 {[%emt 0:00:00]} 13. Qh4 {[%emt 0:00:30]} Bd7 {[%emt 0:00:00]} 14. Bg5 {[%emt 0:01:30]} O-O-O {[%emt 0:00:30]} 15. Rad1 {[%emt 0:00:30]} h6 {[%emt 0:00:30]} 16. Bxf6 {[%emt 0:00:30]} gxf6 {[%emt 0:00:30] [#]} 17. Rd3 $146 {[%emt 0:00:30]} Kb8 {[%emt 0:00:00]} 18. Rfd1 {[%emt 0:01:30]} Be5 {[%emt 0:21:00]} 19. c3 {[%emt 0:07:30]} Rdg8 {[%emt 0:17:30]} 20. g3 {[%emt 0:19:30]} h5 $11 {[%emt 0:10:30]} 21. Nf3 {[%emt 0:11:30]} Bc6 {[%emt 0:11:30]} 22. Nxe5 {[%emt 0:09:30]} Qxe5 {[%emt 0:00:30]} 23. Rd4 {[%emt 0:08:30]} Bf3 {[%emt 0:02:30]} 24. Rf1 {[%emt 0:03:30]} Bg4 {[%emt 0:08:30]} 25. Bd1 {[%emt 0:08:30]} Ka7 {[%emt 0:03:30]} 26. h3 {[%emt 0:04:30]} Qf5 {[%emt 0:09:50]} 27. Re1 {[%emt 0:07:43]} e5 {[%emt 0:09:25]} 28. Rd6 {[%emt 0:01:57]} Bxh3 {[%emt 0:00:22]} 29. Rxf6 {[%emt 0:01:42]} Qd7 {[%emt 0:01:00]} 30. Bb3 {[%emt 0:07:22]} Be6 {[%emt 0:02:36]} 31. Rd1 {[%emt 0:02:28]} Qe7 {[%emt 0:01:22]} 32. Bxe6 {[%emt 0:00:56]} fxe6 {[%emt 0:00:02]} 33. Rf4 {[%emt 0:00:59]} Qc5 {[%emt 0:01:29]} 34. Rc4 {[%emt 0:00:15]} Qb6 {[%emt 0:00:15]} 35. Rb4 {[%emt 0:00:27]} Qc6 {[%emt 0:00:35]} 36. Qe4 {[%emt 0:01:20]} Qc7 {[%emt 0:00:28]} 37. Qe3+ {[%emt 0:01:02]} Ka8 {[%emt 0:00:24]} 38. Qb6 {[%emt 0:00:50]} Qf7 {[%emt 0:00:42]} 39. Rh4 {[%emt 0:01:15]} Qf3 {[%emt 0:00:49]} 40. Rd7 {[%emt 0:00:00]} Rf8 {[%emt 0:01:11]} 41. Ra4 {[%emt 0:04:14]} Kb8 {[%emt 0:15:43]} 42. Qc7+ {[%emt 0:00:00]} Ka7 {[%emt 0:00:58]} 43. Qc5+ {[%emt 0:01:00]} Kb8 {[%emt 0:00:46]} 44. Qd6+ {[%emt 0:00:30]} 1-0

[Event "22nd ECCC Women 2017"]
[Site "Antalya"]
[Date "2017.10.11"]
[Round "4"]
[White "Kaplan, Ebru"]
[Black "Shvayger, Yuliya"]
[Result "0-1"]
[WhiteElo "2001"]
[BlackElo "2442"]
[Annotator "TA"]
[PlyCount "140"]
[EventType "team-tourn"]
[EventCountry "TUR"]
[SourceTitle "playchess.com"]
[Source "ChessBase"]
[SourceQuality "1"]
[WhiteTeam "Mediterranean"]
[BlackTeam "Beer Sheva"]

{[%evp 20,140,17,10,25,21,25,32,27,25,54,23,28,25,15,22,101,95,93,38,67,0,0,0,2,0,11,10,18,8,14,-10,-10,-10,-10,-14,-10,-10,-10,-10,-10,-10,-10,-10,-10,-10,-10,-10,-10,-10,0,-10,0,0,0,-10,0,-10,0,-10,-10,-10,-10,-10,0,-10,-10,-10,-10,-10,-10,-10,-10,-10,-10,-10,-10,-10,0,0,0,-555,-555,-832,-831,-825,-798,-720,-267,-461,0,-172,-131,-239,-137,-656,-260,-248,-244,-480,-474,-775,-731,-908,-341,-328,-332,-329,-322,-291,-135,-29965,-29967,-6602,-6563,-29969,-29972,-29969,-29971,-29981,-29982,-29982,-29983]} 1. e4 c5 2. Nf3 Nc6 3. Bb5 g6 4. c3 Nf6 5. Qe2 Bg7 6. O-O O-O 7. Rd1 d6 {B31: Sicilian: 2...Nc6 3 Bb5 g6} (7... e5 8. d3 d6 9. Nbd2 h6 10. Nf1 Be6 11. Ng3 a6 12. Bxc6 bxc6 13. h3 Re8 14. Qc2 Nd7 15. d4 exd4 16. cxd4 {½-½ (61) Wang,C (2521)-Svidler,P (2740) Ningbo 2015}) 8. d4 cxd4 9. cxd4 Bg4 10. Nc3 Nd7 11. Be3 {LiveBook: 4 Games} a6 12. Bxc6 $1 bxc6 13. h3 Bxf3 $1 14. Qxf3 Qb6 $146 ({Predecessor:} 14... Rb8 15. b3 {1-0 (41) Pridorozhni,A (2543)-Belous,V (2497) Moscow 2011}) 15. Rab1 Qb4 16. e5 Rfc8 17. a3 Qc4 (17... Qb3 $11) 18. exd6 $1 $16 exd6 19. Ne4 ({Better is} 19. Bf4 $16) 19... Qe6 20. Rdc1 (20. Bf4 $14) 20... d5 21. Nc5 Nxc5 22. Rxc5 Rab8 23. b4 Rb5 24. Rbc1 Bf8 25. Rxb5 axb5 26. Rc3 Bg7 27. Kf1 Re8 {With the idea ...Bxd4!} 28. Kg1 Qd6 29. Qd1 Re6 30. Qc1 h5 31. h4 Kh7 32. g3 Qd7 33. Kg2 Qe8 34. Qc2 Bf6 35. Kh2 Rd6 36. Bf4 Re6 {White must now prevent ...Re2.} 37. Be3 Bg7 38. Qc1 Re4 39. Rd3 Bf6 40. Kg2 Bd8 41. Rc3 Bf6 42. Rd3 Bh8 43. Kh2 Qd7 44. Kg2 Bf6 45. Rd1 Re8 46. Rh1 Bg7 47. Qc2 Re6 48. Qc1 f5 {[%cal Bf7f5,Bf5f4][%mdl 32]} 49. Rd1 Re4 50. Qc3 $2 {[%mdl 8192] [#]} (50. Qc2 $11) 50... f4 $1 $19 {[%mdl 512]} 51. Bc1 (51. Bxf4 Rxf4) 51... fxg3 52. fxg3 Re2+ 53. Kf1 Rh2 $2 (53... Qg4 54. Rd2 Re7) 54. Kg1 $2 (54. Qf3) 54... Re2 $2 (54... Qg4 $19 {( -> ...Qe2)} 55. Qd3 Ra2) 55. Qf3 $2 (55. Kf1 $1 $11 Qg4 56. Rd2) 55... Re4 $40 {[%mdl 128] Black wants a kill.} 56. Bb2 (56. Be3 $17 {might work better.}) 56... Qe6 (56... Qh3 $1 $19 57. Rf1 Rxd4 58. Bxd4 Bxd4+ 59. Rf2 Qe6) 57. Rf1 $2 {[%mdl 8192]} (57. Kf2 $17) 57... Re3 $2 (57... Re2 58. Rf2 Rxb2 $1 {[%mdl 512]} 59. Rxb2 Bxd4+ 60. Rf2 Qe1+ 61. Kg2 Qxf2+ 62. Qxf2 Bxf2 63. Kxf2 g5 $1 {[%mdl 512]}) 58. Qf4 Rb3 $1 59. Rf2 $2 (59. Bc1) 59... Qh3 60. Rg2 (60. Rh2 $142 Rxg3+ 61. Kh1) 60... Rd3 61. Kf2 Qe6 $2 (61... Rd1 62. Qf3 Qh1) 62. Kg1 {[#]} Rd1+ $1 63. Kh2 Qe1 {[%csl Gd1][%cal Re1h1]} 64. Kh3 {[#]} Rb1 ({Weaker is} 64... Qe6+ 65. Kh2 $17) (64... Qe4 $1 $19 {is more deadly.} 65. Qxe4 dxe4) 65. g4 $2 {[%mdl 8192] [#]} (65. Rc2 $17) 65... Rxb2 $1 {[%mdl 512]} 66. Rxb2 Qc3+ 67. Qg3 hxg4+ {Black mates.} 68. Kxg4 Qxb2 69. h5 Qxd4+ 70. Kh3 Qc3 {Precision: White = 45%, Black = 38%.} 0-1

[Event "22nd ECCC Women 2017"]
[Site "Antalya"]
[Date "2017.10.12"]
[Round "4"]
[White "Sahin, Handenur"]
[Black "Richard, Emma"]
[Result "0-1"]
[WhiteElo "1960"]
[BlackElo "2086"]
[Annotator "NA"]
[PlyCount "60"]
[EventType "team-tourn"]
[EventCountry "TUR"]
[SourceTitle "playchess.com"]
[Source "ChessBase"]
[SourceQuality "1"]
[WhiteTeam "Aegean"]
[BlackTeam "Mulhouse Philidor"]
[TimeControl "40/5400+30:1800+30"]

1. e4 c5 2. c3 d5 {[%emt 0:00:30]} 3. exd5 {[%emt 0:00:30]} Qxd5 {[%emt 0:00:30]} 4. d4 {[%emt 0:00:30]} Nc6 {[%emt 0:00:30]} 5. Nf3 {[%emt 0:00:30]} Bf5 {[%emt 0:00:00] B22: Sicilian: 2 c3} (5... Nf6 6. Be2 cxd4 7. cxd4 e6 8. O-O Be7 9. Nc3 Qd6 10. Nb5 Qd8 11. Bf4 Nd5 12. Bg3 O-O 13. Bc4 a6 14. Nc3 Nxc3 15. bxc3 b5 16. Bd3 Bb7 17. a4 b4 18. Rb1 Bf6 19. Be4 a5 20. cxb4 axb4 21. Bxc6 {½-½ (21) Zvjaginsev,V (2660)-Moiseenko,A (2692) Berlin 2015}) 6. Na3 {[%emt 0:05:30]} cxd4 {[%emt 0:00:00]} 7. Nb5 {[%emt 0:01:30]} O-O-O {[%emt 0:00:30]} 8. cxd4 {[%emt 0:02:30]} e5 {[%emt 0:00:30]} 9. Nc3 {[%emt 0:02:30]} Qa5 {[%emt 0:02:30]} 10. Bd2 {[%emt 0:08:30]} exd4 {[%emt 0:05:30]} 11. Nb5 $146 {[%emt 0:04:30]} ({Predecessor:} 11. Ne2 Qb6 12. Qb3 Qxb3 13. axb3 d3 14. Nc1 h6 15. b4 Bxb4 16. Bxb4 Nxb4 17. Rxa7 Nf6 {0-1 (17) Stamnov,A (2156)-Kanmazalp,O (2372) Skopje 2013}) 11... Re8+ {[%emt 0:00:30]} 12. Be2 {[%emt 0:01:30]} Qxb5 {[%emt 0:00:00]} 13. Be3 {[%emt 0:00:30]} d3 {[%emt 0:02:00]} 14. Bf1 {[%emt 0:00:30]} Bb4+ {[%emt 0:00:30]} 15. Nd2 {[%emt 0:00:00]} Qa5 {[%emt 0:04:30]} 16. a3 {[%emt 0:01:00]} Bxd2+ {[%emt 0:00:30]} 17. Qxd2 {[%emt 0:00:30]} Qxd2+ {[%emt 0:00:00]} 18. Kxd2 {[%emt 0:00:00]} Nf6 {[%emt 0:01:00]} 19. f3 {[%emt 0:01:00]} Na5 {[%emt 0:04:30]} 20. Rc1+ {[%emt 0:02:30]} Kb8 {[%emt 0:00:30]} 21. Bf4+ {[%emt 0:00:30]} Ka8 {[%emt 0:00:00]} 22. Kd1 {[%emt 0:00:30]} Rc8 {[%emt 0:04:00]} 23. g4 $19 {[%emt 0:02:30]} Bg6 {[%emt 0:01:30]} 24. Bg2 {[%emt 0:00:30]} Rc2 {[%emt 0:01:30]} 25. Rxc2 {[%emt 0:01:30]} dxc2+ {[%emt 0:00:00]} 26. Ke2 {[%emt 0:00:30]} Nb3 {[%emt 0:04:00]} 27. h4 {[%emt 0:01:30]} Nd5 {[%emt 0:02:30]} 28. Bg5 {[%emt 0:01:30]} h6 {[%emt 0:01:30]} 29. Bc1 {[%emt 0:00:30]} Nxc1+ {[%emt 0:00:30]} 30. Rxc1 {[%emt 0:00:30]} Nf4+ {[%emt 0:00:00]} 0-1

[Event "22nd ECCC Women 2017"]
[Site "Antalya"]
[Date "2017.10.11"]
[Round "4"]
[White "Celik, Eda"]
[Black "Choisy, Mathilde"]
[Result "0-1"]
[WhiteElo "1880"]
[BlackElo "2162"]
[Annotator "ChessBase"]
[PlyCount "118"]
[EventType "team-tourn"]
[EventCountry "TUR"]
[SourceTitle "playchess.com"]
[Source "ChessBase"]
[SourceQuality "1"]
[WhiteTeam "Aegean"]
[BlackTeam "Mulhouse Philidor"]
[TimeControl "40/5400+30:1800+30"]

1. e4 c5 2. Nc3 d6 3. Bc4 {[%emt 0:00:30]} Nc6 {[%emt 0:07:00]} 4. d3 {[%emt 0:01:30]} g6 {[%emt 0:05:30]} 5. a3 {[%emt 0:00:00]} Bg7 {[%emt 0:00:30]} 6. Ba2 {[%emt 0:04:00]} e6 {[%emt 0:02:30]} 7. Nf3 {[%emt 0:03:30]} Nge7 {[%emt 0:00:30]} 8. O-O {[%emt 0:02:30]} O-O {[%emt 0:00:30]} 9. Re1 {[%emt 0:09:30]} Rb8 {[%emt 0:02:30]} 10. Ne2 {[%emt 0:05:30]} Qc7 {[%emt 0:07:30]} 11. c3 {[%emt 0:00:30]} Ne5 {[%emt 0:08:30]} 12. Nxe5 {[%emt 0:10:30]} dxe5 {[%emt 0:00:30]} 13. Be3 {[%emt 0:04:30]} Rd8 {[%emt 0:04:30]} 14. Qc2 {[%emt 0:02:30]} b6 {[%emt 0:01:30]} 15. b4 {[%emt 0:06:30]} Ba6 {[%emt 0:01:30]} 16. Red1 {[%emt 0:02:30]} Rd7 {[%emt 0:02:30]} 17. c4 {[%emt 0:19:30]} f5 {[%emt 0:06:30]} 18. f3 {[%emt 0:03:30]} f4 {[%emt 0:05:30]} 19. Bf2 {[%emt 0:00:30]} g5 {[%emt 0:00:30]} 20. Nc3 {[%emt 0:01:30]} Ng6 {[%emt 0:00:30]} 21. bxc5 {[%emt 0:01:47]} bxc5 {[%emt 0:00:30]} 22. Rab1 {[%emt 0:12:24]} Rxb1 {[%emt 0:03:30]} 23. Rxb1 {[%emt 0:01:06]} Bf8 {[%emt 0:01:30]} 24. Bb3 {[%emt 0:01:53]} Qd8 {[%emt 0:01:30]} 25. Rd1 {[%emt 0:00:42]} h5 {[%emt 0:00:30]} 26. Ba4 {[%emt 0:00:54]} Rg7 {[%emt 0:02:30]} 27. h3 {[%emt 0:01:50]} Nh8 {[%emt 0:04:30]} 28. Bb5 {[%emt 0:02:20]} Bc8 {[%emt 0:00:30]} 29. Kf1 {[%emt 0:01:18]} g4 {[%emt 0:00:30]} 30. hxg4 {[%emt 0:00:34]} hxg4 {[%emt 0:00:30]} 31. Ke2 {[%emt 0:00:25]} a6 {[%emt 0:04:30]} 32. Ba4 {[%emt 0:00:10]} Rh7 {[%emt 0:02:30]} 33. Bg1 {[%emt 0:01:07]} Qg5 {[%emt 0:01:30]} 34. Kf1 {[%emt 0:00:40]} g3 {[%emt 0:06:24]} 35. Bb3 {[%emt 0:01:00]} Ng6 {[%emt 0:00:13]} 36. Ke2 {[%emt 0:00:10]} Rh2 {[%emt 0:02:16]} 37. Kf1 {[%emt 0:00:32]} Nh4 {[%emt 0:01:59]} 38. Rd2 {[%emt 0:00:07]} Qh5 {[%emt 0:03:53]} 39. Qd1 {[%emt 0:00:39]} Rh1 {[%emt 0:09:59]} 40. Na4 {[%emt 0:00:00]} Ng6 {[%emt 0:01:46]} 41. Ke2 {[%emt 0:03:52]} Nh4 {[%emt 0:02:30]} 42. Qf1 {[%emt 0:14:55]} Bd7 {[%emt 0:10:58]} 43. Nb6 {[%emt 0:01:54]} Be8 {[%emt 0:00:08]} 44. Ba4 {[%emt 0:00:22]} Bxa4 {[%emt 0:04:40]} 45. Nxa4 {[%emt 0:00:30]} Qe8 {[%emt 0:00:30]} 46. Nc3 {[%emt 0:00:57]} Qd8 {[%emt 0:00:39]} 47. Kd1 {[%emt 0:08:36]} Qd4 {[%emt 0:02:14]} 48. Bxd4 {[%emt 0:01:14]} Rxf1+ {[%emt 0:00:03]} 49. Ke2 {[%emt 0:00:11]} exd4 {[%emt 0:03:20]} 50. Kxf1 {[%emt 0:00:12]} dxc3 {[%emt 0:00:03]} 51. Rc2 {[%emt 0:02:13]} Bg7 {[%emt 0:00:04]} 52. Ke1 {[%emt 0:00:56]} Bd4 {[%emt 0:00:07]} 53. Kf1 {[%emt 0:01:05]} Kf7 {[%emt 0:00:11]} 54. Rc1 {[%emt 0:00:31]} Ke7 {[%emt 0:00:24]} 55. Rc2 {[%emt 0:00:42]} Kd7 {[%emt 0:00:09]} 56. Rc1 {[%emt 0:00:33]} Kc6 {[%emt 0:00:26]} 57. Rb1 {[%emt 0:00:57]} Kc7 {[%emt 0:00:05]} 58. a4 {[%emt 0:00:01]} Be3 {[%emt 0:00:56]} 59. Rb3 {[%emt 0:00:40]} c2 {[%emt 0:00:08]} 0-1

[Event "22nd ECCC Women 2017"]
[Site "Antalya"]
[Date "2017.10.11"]
[Round "4"]
[White "Can, Isil"]
[Black "Brusilovski, Lena"]
[Result "0-1"]
[WhiteElo "1791"]
[BlackElo "1881"]
[Annotator "NA"]
[PlyCount "62"]
[EventType "team-tourn"]
[EventCountry "TUR"]
[SourceTitle "playchess.com"]
[Source "ChessBase"]
[SourceQuality "1"]
[WhiteTeam "Mediterranean"]
[BlackTeam "Beer Sheva"]
[TimeControl "40/5400+30:1800+30"]

1. e4 c5 2. Nf3 {[%emt 0:00:00]} d6 {[%emt 0:02:30]} 3. d4 {[%emt 0:00:30]} cxd4 {[%emt 0:00:00]} 4. Nxd4 {[%emt 0:00:30]} Nf6 {[%emt 0:00:00]} 5. Nc3 {[%emt 0:00:30]} g6 {[%emt 0:01:30]} 6. Be3 {[%emt 0:00:30]} Bg7 {[%emt 0:00:30]} 7. f3 {[%emt 0:00:00]} O-O {[%emt 0:00:00]} 8. Qd2 {[%emt 0:00:00]} Nc6 {[%emt 0:00:00]} 9. Bc4 {[%emt 0:00:00]} Bd7 {[%emt 0:02:30]} 10. h4 {[%emt 0:00:00]} Ne5 {[%emt 0:02:30]} 11. Bb3 {[%emt 0:00:30]} h5 {[%emt 0:01:30]} 12. O-O-O {[%emt 0:00:30]} Qa5 {[%emt 0:03:30]} 13. Bh6 {[%emt 0:04:30]} Rfc8 {[%emt 0:02:30]} 14. Bxg7 {[%emt 0:01:30]} Kxg7 {[%emt 0:00:00]} 15. g4 {[%emt 0:21:30]} Nc4 {[%emt 0:01:00]} 16. Bxc4 {[%emt 0:01:30]} Rxc4 {[%emt 0:00:00]} 17. Nb3 {[%emt 0:00:00]} Qa6 {[%emt 0:06:00]} 18. e5 {[%emt 0:08:00]} Nxg4 {[%emt 0:03:30]} 19. exd6 {[%emt 0:02:30]} Nf6 {[%emt 0:02:30]} 20. dxe7 {[%emt 0:00:30]} Re8 {[%emt 0:01:30]} 21. Qg5 {[%emt 0:10:30]} Rxe7 {[%emt 0:03:30]} 22. Nc5 {[%emt 0:05:30]} Qc6 {[%emt 0:00:30]} 23. Nxd7 {[%emt 0:00:00]} Rxd7 {[%emt 0:00:30]} 24. Rxd7 {[%emt 0:02:00]} Qxd7 {[%emt 0:00:30]} 25. f4 {[%emt 0:11:30]} Qd4 {[%emt 0:04:30]} 26. Rf1 {[%emt 0:02:30]} Ne4 {[%emt 0:04:30]} 27. Nxe4 {[%emt 0:10:16]} Qxe4 {[%emt 0:00:30]} 28. c3 {[%emt 0:01:29]} Qe3+ {[%emt 0:00:30]} 29. Kc2 {[%emt 0:00:01]} Qe2+ {[%emt 0:00:30]} 30. Kb3 {[%emt 0:00:01]} Qxf1 {[%emt 0:00:00]} 31. Qe5+ {[%emt 0:00:07]} Kh7 {[%emt 0:00:00]} 0-1

[Event "22nd ECCC Women 2017"]
[Site "Antalya"]
[Date "2017.10.12"]
[Round "4"]
[White "Ovechkin, Lilia"]
[Black "Ozbek, Busra"]
[Result "1/2-1/2"]
[WhiteElo "1779"]
[BlackElo "1850"]
[Annotator "NA"]
[PlyCount "189"]
[EventType "team-tourn"]
[EventCountry "TUR"]
[SourceTitle "playchess.com"]
[Source "ChessBase"]
[SourceQuality "1"]
[WhiteTeam "Beer Sheva"]
[BlackTeam "Mediterranean"]
[TimeControl "40/5400+30:1800+30"]

1. d4 g6 {[%emt 0:01:00]} 2. e4 {[%emt 0:04:00]} Bg7 {[%emt 0:00:00]} 3. Nf3 {[%emt 0:00:30]} d6 {[%emt 0:00:00]} 4. Bc4 {[%emt 0:03:30]} e6 {[%emt 0:02:30]} 5. Bg5 {[%emt 0:01:30] B06: Modern Defence} (5. Qe2 Ne7 6. O-O a6 7. Bb3 O-O 8. Re1 Nd7 9. Nbd2 b5 10. Nf1 c5 11. c3 cxd4 12. cxd4 Nc6 13. Be3 {1-0 (63) Grigoriants,S (2576)-Nakamura,H (2786) chess.com INT 2017}) 5... Ne7 {[%emt 0:00:30]} 6. Qd2 {[%emt 0:01:30]} h6 {[%emt 0:02:30]} 7. Be3 {[%emt 0:01:30]} a6 {[%emt 0:03:30]} 8. Nc3 {[%emt 0:02:30]} b5 {[%emt 0:01:30]} 9. Bd3 {[%emt 0:02:30]} Bb7 {[%emt 0:01:30]} 10. a4 {[%emt 0:05:30]} b4 {[%emt 0:06:30]} 11. Ne2 {[%emt 0:05:30]} a5 {[%emt 0:07:30]} 12. c3 {[%emt 0:00:30]} Ba6 $146 {[%emt 0:06:30]} ({Predecessor:} 12... bxc3 13. bxc3 Nd7 {0-1 (53) Stojic,S (2016)-Steadman,M (2264) Canberra 2010}) 13. O-O {[%emt 0:10:30]} bxc3 {[%emt 0:06:30]} 14. Nxc3 {[%emt 0:02:30]} Bxd3 {[%emt 0:01:30]} 15. Qxd3 {[%emt 0:00:30]} O-O {[%emt 0:00:30]} 16. Rac1 {[%emt 0:01:30]} Na6 {[%emt 0:07:30]} 17. Qd2 {[%emt 0:01:30]} Kh7 {[%emt 0:01:30]} 18. Ne1 {[%emt 0:12:30]} Rb8 {[%emt 0:18:30]} 19. Qe2 {[%emt 0:04:30]} Nb4 {[%emt 0:01:30]} 20. Nc2 {[%emt 0:03:30]} Nec6 {[%emt 0:06:30]} 21. Rfd1 {[%emt 0:03:30]} Nxc2 {[%emt 0:01:30]} 22. Rxc2 {[%emt 0:00:30]} f5 {[%emt 0:09:18]} 23. Nb5 {[%emt 0:02:30]} Nb4 {[%emt 0:00:21]} 24. Rxc7 {[%emt 0:02:30]} Rxb5 {[%emt 0:00:38]} 25. Rxg7+ {[%emt 0:00:30]} Kxg7 {[%emt 0:00:03]} 26. Qxb5 {[%emt 0:00:30]} fxe4 {[%emt 0:02:07]} 27. Qb7+ {[%emt 0:00:30]} Rf7 {[%emt 0:00:11]} 28. Bxh6+ {[%emt 0:01:30]} Kg8 {[%emt 0:01:13]} 29. Qxe4 {[%emt 0:00:30]} Qf6 {[%emt 0:01:25]} 30. Be3 {[%emt 0:01:30]} Nd5 {[%emt 0:01:15]} 31. Rc1 {[%emt 0:00:30]} Rb7 {[%emt 0:01:31]} 32. Qc2 {[%emt 0:01:30]} Rc7 {[%emt 0:02:11]} 33. Qd2 {[%emt 0:00:30]} Rxc1+ {[%emt 0:00:44]} 34. Qxc1 {[%emt 0:00:30]} Nxe3 {[%emt 0:00:35]} 35. fxe3 {[%emt 0:03:30]} Qf5 {[%emt 0:05:12]} 36. Qc8+ {[%emt 0:07:16]} Kg7 {[%emt 0:00:22]} 37. Qd7+ {[%emt 0:02:25]} Kh6 {[%emt 0:00:45]} 38. Qxd6 {[%emt 0:01:40]} Qb1+ {[%emt 0:00:17]} 39. Kf2 {[%emt 0:00:24]} Qxb2+ {[%emt 0:00:07]} 40. Kf3 {[%emt 0:00:00]} Qb7+ {[%emt 0:01:15]} 41. Kg3 {[%emt 0:03:15]} Qb3 {[%emt 0:02:30]} 42. Qf8+ {[%emt 0:03:30]} Kh7 {[%emt 0:00:30]} 43. Qf7+ {[%emt 0:09:30]} Kh6 {[%emt 0:02:30]} 44. Qf4+ {[%emt 0:00:30]} Kg7 {[%emt 0:04:30]} 45. d5 {[%emt 0:03:30]} exd5 {[%emt 0:00:30]} 46. Qd4+ {[%emt 0:00:30]} Kh7 {[%emt 0:01:30]} 47. Kf3 {[%emt 0:04:30]} Qb7 {[%emt 0:02:30]} 48. Ke2 {[%emt 0:03:58]} Qa6+ {[%emt 0:03:34]} 49. Kd2 {[%emt 0:03:08]} Qb7 {[%emt 0:01:08]} 50. g3 {[%emt 0:01:56]} Kg8 {[%emt 0:05:47]} 51. Qc3 {[%emt 0:01:47]} Qa6 {[%emt 0:03:53]} 52. Qd3 {[%emt 0:01:32]} Qd6 {[%emt 0:01:08]} 53. Qb5 {[%emt 0:01:38]} Qd8 {[%emt 0:00:54]} 54. Kd3 {[%emt 0:02:28]} Kh7 {[%emt 0:03:43]} 55. Kd4 {[%emt 0:01:20]} Qd6 {[%emt 0:01:58]} 56. Qxd5 {[%emt 0:02:36]} Qb4+ {[%emt 0:00:31]} 57. Qc4 {[%emt 0:00:23]} Qd2+ {[%emt 0:00:20]} 58. Qd3 {[%emt 0:00:47]} Qb4+ {[%emt 0:00:58]} 59. Qc4 {[%emt 0:00:58]} Qd2+ {[%emt 0:00:20]} 60. Ke4 {[%emt 0:00:34]} Qxh2 {[%emt 0:01:36] [#]} 61. Qf7+ $1 {[%emt 0:00:31]} Kh6 {[%emt 0:00:35] [#]} 62. Qf8+ $1 {[%emt 0:00:33]} Kh7 {[%emt 0:00:17]} 63. Qe7+ {[%emt 0:01:19]} Kg8 {[%emt 0:00:11]} 64. Qe6+ $2 {[%emt 0:00:49]} (64. Qd8+ $18 Kf7 65. Qxa5) 64... Kg7 {[%emt 0:00:23]} (64... Kh7 $11 {remains equal.}) 65. Qe5+ {[%emt 0:00:38]} Kh7 {[%emt 0:00:55]} 66. Qxa5 {[%emt 0:00:57]} Qxg3 {[%emt 0:00:24]} 67. Qa7+ {[%emt 0:00:25]} Kg8 {[%emt 0:01:06]} 68. a5 {[%emt 0:00:28]} Qg4+ {[%emt 0:00:21]} 69. Kd3 {[%emt 0:00:52]} Qf5+ $1 {[%emt 0:00:41]} 70. e4 {[%emt 0:00:14]} (70. Kc3 $18) 70... Qf1+ {[%emt 0:00:42]} 71. Kd2 {[%emt 0:00:20]} Qg2+ $1 {[%emt 0:00:25]} 72. Kd3 {[%emt 0:00:15]} Qf1+ {[%emt 0:00:08]} 73. Kc3 {[%emt 0:00:16]} Qe1+ {[%emt 0:00:09] [#]} 74. Kd3 {[%emt 0:01:09]} (74. Kc4 $1 $16) 74... Qf1+ {[%emt 0:01:21]} 75. Kd2 {[%emt 0:00:11]} Qg2+ {[%emt 0:00:00]} 76. Kc3 $1 {[%emt 0:00:54]} Qxe4 {[%emt 0:00:31]} 77. Qb8+ {[%emt 0:00:38]} (77. Qc7 $14 Qe1+ 78. Kb3) 77... Kh7 {[%emt 0:00:34]} 78. Qc7+ {[%emt 0:00:16]} Kh6 {[%emt 0:00:44]} 79. Qc4 {[%emt 0:01:03]} Qe1+ {[%emt 0:00:10]} 80. Kd3 {[%emt 0:00:21]} Qxa5 {[%emt 0:00:16]} 81. Qh4+ $1 {[%emt 0:00:09]} Qh5 {[%emt 0:00:23]} 82. Qf4+ {[%emt 0:00:14]} g5 {[%emt 0:00:26]} 83. Qf8+ $11 {[%emt 0:00:08]} Kh7 {[%emt 0:00:44]} 84. Qe7+ {[%emt 0:00:46]} Kg8 {[%emt 0:00:07]} 85. Qe6+ {[%emt 0:00:00]} Qf7 {[%emt 0:01:23]} 86. Qc8+ {[%emt 0:00:48]} Kh7 {[%emt 0:00:38]} 87. Qg4 {[%emt 0:00:34]} Kg6 {[%emt 0:00:23]} 88. Ke3 {[%emt 0:00:19]} Qb3+ {[%emt 0:00:38]} 89. Kf2 {[%emt 0:00:08]} Qc2+ {[%emt 0:00:19]} 90. Kg3 {[%emt 0:00:17]} Qd3+ {[%emt 0:00:41]} 91. Kf2 {[%emt 0:00:10]} Qd2+ {[%emt 0:00:15]} 92. Kg3 {[%emt 0:00:13]} Qe1+ {[%emt 0:00:36]} 93. Kg2 {[%emt 0:00:06]} Qd2+ {[%emt 0:00:23]} 94. Kg3 {[%emt 0:00:43]} Qe3+ {[%emt 0:00:05]} 95. Kg2 {[%emt 0:00:00]} 1/2-1/2